[Event "17.Seefeld Open 2006"]
[Site "Seefeld/AUT (23.9.-1.10)"]
[Date "2006.10.01"]
[Round "9"]
[White "Antoniacci, Riccardo"]
[Black "Fischer, Gerd"]
[Result "1-0"]
[WhiteElo "1980"]
[BlackElo "2026"]
[PlyCount "68"]
[EventDate "2006.09.??"]
[EventType "swiss"]
[EventRounds "9"]
[EventCountry "AUT"]

1. e4 e6 2. d4 d5 3. Nd2 Nf6 4. e5 Nfd7 5. Bd3 c5 6. c3 Nc6 7. Ne2 Qb6 8. Nf3
cxd4 9. cxd4 f6 10. exf6 Nxf6 11. O-O Bd6 12. Bd2 O-O 13. Bc3 Bd7 14. Rc1 Rac8
15. Bb1 Rc7 16. Ne5 Be8 17. Qd3 Bxe5 18. dxe5 Ne4 19. Bd4 Nxd4 20. Qxd4 Rxc1
21. Rxc1 Bg6 22. f3 Ng5 23. Bxg6 hxg6 24. Qxb6 axb6 25. Rc7 Rf7 26. Rc3 Re7 27.
Rb3 Nf7 28. f4 g5 29. Rxb6 gxf4 30. Nxf4 Nxe5 31. Rxe6 Rxe6 32. Nxe6 b6 33. Nf4
d4 34. Kf2 Kf7 1-0

[Event "17.Seefeld Open 2006"]
[Site "Seefeld/AUT (23.9.-1.10)"]
[Date "2006.10.01"]
[Round "9"]
[White "Schulze, Joachim"]
[Black "Noettger, Eckard"]
[Result "1-0"]
[WhiteElo "2010"]
[BlackElo "1783"]
[PlyCount "131"]
[EventDate "2006.09.??"]
[EventType "swiss"]
[EventRounds "9"]
[EventCountry "AUT"]

1. e4 c5 2. Nf3 e6 3. d4 cxd4 4. Nxd4 a6 5. c4 Nf6 6. Nc3 Qc7 7. Nc2 Be7 8. Be2
d6 9. O-O O-O 10. Be3 Nbd7 11. Qd2 b6 12. Rfd1 Bb7 13. f3 Rfd8 14. Rac1 Ne5 15.
Na4 Nfd7 16. Nd4 Nc6 17. b3 Nxd4 18. Bxd4 Bf6 19. Be3 Nc5 20. Nc3 Bxc3 21. Qxc3
Qe7 22. Bd4 Qg5 23. Be3 Qe7 24. Bd4 Qg5 25. b4 Nd7 26. Be3 Qe7 27. Bf4 Nf6 28.
Qe3 b5 29. Qb6 e5 30. Bg3 bxc4 31. Rxc4 Rd7 32. Rdc1 d5 33. Rc5 Rd6 34. Qc7 Re8
35. Qxe7 Rxe7 36. Rc7 Rxc7 37. Rxc7 Rd7 38. Bxe5 dxe4 39. Kf2 exf3 40. Bxf3
Rxc7 41. Bxc7 Bxf3 42. Kxf3 Kf8 43. a4 Ke8 44. b5 axb5 45. axb5 Kd7 46. Be5 Ne8
47. Ke4 f6 48. Bg3 g6 49. Kd5 f5 50. Be5 g5 51. b6 f4 52. b7 Nc7+ 53. Kc5 h5
54. Kb6 Nd5+ 55. Ka6 Nb4+ 56. Kb5 Nc6 57. h4 f3 58. gxf3 gxh4 59. Bh2 Nd4+ 60.
Kc4 Nc6 61. Kd5 Nb4+ 62. Ke4 Na6 63. Kf5 Kc6 64. b8=Q Nxb8 65. Bxb8 Kd5 66. Kg5
1-0

[Event "17.Seefeld Open 2006"]
[Site "Seefeld/AUT (23.9.-1.10)"]
[Date "2006.10.01"]
[Round "9"]
[White "Kesik, Marco"]
[Black "Plock, Christian"]
[Result "1-0"]
[WhiteElo "1916"]
[BlackElo "1990"]
[PlyCount "115"]
[EventDate "2006.09.??"]
[EventType "swiss"]
[EventRounds "9"]
[EventCountry "AUT"]

1. d4 d5 2. c4 e6 3. Nc3 Nf6 4. Bg5 Be7 5. e3 h6 6. Bh4 c6 7. a3 Nbd7 8. Nf3
Nh5 9. Bxe7 Qxe7 10. Be2 O-O 11. O-O Nhf6 12. Qc2 dxc4 13. Bxc4 Nb6 14. Ba2 Rd8
15. Rac1 Nh7 16. Rfd1 Nd5 17. e4 Ndf6 18. Bb1 Nf8 19. Ne2 Bd7 20. Ne5 Be8 21.
f4 N6d7 22. Nf3 Nb6 23. g4 Rac8 24. b4 Nbd7 25. h3 Nf6 26. Qc5 Qxc5 27. dxc5
Ng6 28. a4 Kf8 29. Rd6 Rxd6 30. cxd6 Bd7 31. Bd3 Re8 32. b5 e5 33. f5 Nf4 34.
Nxf4 exf4 35. Re1 cxb5 36. e5 Nd5 37. Bxb5 Bxb5 38. axb5 Nc3 39. d7 Rd8 40. e6
Ke7 41. Nd4 fxe6 42. fxe6 g6 43. Rc1 Nxb5 44. Nxb5 Kxe6 45. Re1+ Kxd7 46. Rd1+
Ke7 47. Rxd8 Kxd8 48. Nxa7 Ke7 49. h4 g5 50. hxg5 hxg5 51. Nb5 Ke6 52. Kf2 Kd5
53. Kf3 Kc5 54. Nc3 b5 55. Ne4+ Kd4 56. Nxg5 b4 57. Ne4 Kd3 58. g5 1-0

[Event "17.Seefeld Open 2006"]
[Site "Seefeld/AUT (23.9.-1.10)"]
[Date "2006.10.01"]
[Round "9"]
[White "Schett, Franz"]
[Black "Niedergesaess, Herbert"]
[Result "0-1"]
[WhiteElo "2004"]
[BlackElo "1950"]
[PlyCount "102"]
[EventDate "2006.09.??"]
[EventType "swiss"]
[EventRounds "9"]
[EventCountry "AUT"]

1. e4 e5 2. Nc3 Nf6 3. Nf3 Nc6 4. a3 a6 5. Bc4 Bc5 6. O-O O-O 7. d3 d6 8. h3
Be6 9. Be3 Bxe3 10. Bxe6 Bxf2+ 11. Rxf2 fxe6 12. Ne2 Qe7 13. c3 Kh8 14. Ng3
Rae8 15. Qd2 Qf7 16. Raf1 Ne7 17. Ng5 Qg8 18. Qe2 h6 19. Nf3 Ng6 20. Kh2 Nf4
21. Qe3 g5 22. d4 g4 23. dxe5 Nh7 24. Nh4 dxe5 25. hxg4 Qxg4 26. Nf3 Rg8 27.
Ng1 Qh4+ 28. Nh3 Nf6 29. Rxf4 exf4 30. Qxf4 Ng4+ 31. Kg1 Ref8 32. Qxf8 Rxf8 33.
Rxf8+ Kg7 34. Rf3 Ne5 35. Re3 Qg4 36. Ne2 Kh7 37. Nhf4 Qh4 38. Rg3 Qd8 39. Nd4
Qh4 40. Nde2 Qf6 41. Nh5 Qh4 42. Rg7+ Kh8 43. Neg3 Qd8 44. Kh2 Qh4+ 45. Kg1 Qd8
46. Kh2 b6 47. Kh3 c5 48. Ra7 a5 49. b4 axb4 50. axb4 cxb4 51. cxb4 Ng6 {
Rest der Notationen unbrauchbar !} 0-1

[Event "17.Seefeld Open 2006"]
[Site "Seefeld/AUT (23.9.-1.10)"]
[Date "2006.10.01"]
[Round "9"]
[White "Werner, Bernd"]
[Black "Schueler, Wolfgang"]
[Result "0-1"]
[WhiteElo "1980"]
[BlackElo "2073"]
[PlyCount "96"]
[EventDate "2006.09.??"]
[EventType "swiss"]
[EventRounds "9"]
[EventCountry "AUT"]

1. e4 e5 2. Nf3 Nc6 3. Bc4 Bc5 4. c3 Nf6 5. d4 exd4 6. cxd4 Bb4+ 7. Nc3 d5 8.
exd5 Nxd5 9. O-O Be6 10. Bxd5 Bxd5 11. Qe2+ Be7 12. Nxd5 Qxd5 13. Bf4 O-O-O 14.
Rac1 Bd6 15. Bxd6 Qxd6 16. Qc4 Qd5 17. Rfe1 f6 18. b3 Rd7 19. Qxd5 Rxd5 20. Rc5
Rhd8 21. Kf1 R5d7 22. Rc4 Ne7 23. Rc2 c6 24. b4 Kb8 25. g4 a6 26. a3 Nd5 27.
Rce2 Kc7 28. g5 Nc3 29. Re3 Nb5 30. gxf6 gxf6 31. Re6 Rd6 32. a4 Nc3 33. Rxd6
Rxd6 34. Re7+ Rd7 35. Rxd7+ Kxd7 36. a5 Nd5 37. Nd2 f5 38. Ke2 Nxb4 39. Ke3
Nd5+ 40. Kd3 b5 41. axb6 Nxb6 42. Nb3 Ke7 43. Na5 Kd6 44. f3 Kd5 45. Ke3 Nc4+
46. Nxc4 Kxc4 47. Kf4 a5 48. Kxf5 a4 0-1

[Event "17.Seefeld Open 2006"]
[Site "Seefeld/AUT (23.9.-1.10)"]
[Date "2006.10.01"]
[Round "9"]
[White "Russ, Colin"]
[Black "Johanssen, Torsten"]
[Result "0-1"]
[WhiteElo "1963"]
[BlackElo "2001"]
[PlyCount "60"]
[EventDate "2006.09.??"]
[EventType "swiss"]
[EventRounds "9"]
[EventCountry "AUT"]

1. d4 Nf6 2. Nf3 b5 3. g3 Bb7 4. Bg2 e6 5. O-O c5 6. c3 d5 7. Bg5 h6 8. Bxf6
Qxf6 9. Ne5 Nc6 10. f4 Nxe5 11. fxe5 Qg5 12. Kh1 Be7 13. Nd2 cxd4 14. cxd4 O-O
15. Nf3 Qg6 16. Qb3 Ba6 17. a3 Rfc8 18. Rfc1 b4 19. axb4 Bxe2 20. Rc3 Rc4 21.
Rac1 Rxb4 22. Rc8+ Rxc8 23. Rxc8+ Kh7 24. Qe3 Qb1+ 25. Ng1 Bh5 26. Rc7 Bg5 27.
Qc3 Rxb2 28. Rxa7 Bd2 29. Qa3 Bb4 30. Qe3 Qc2 0-1

[Event "17.Seefeld Open 2006"]
[Site "Seefeld/AUT (23.9.-1.10)"]
[Date "2006.10.01"]
[Round "9"]
[White "Wiesbeck, Florian"]
[Black "Scheidt, Eugen"]
[Result "1/2-1/2"]
[WhiteElo "1999"]
[BlackElo "1980"]
[PlyCount "46"]
[EventDate "2006.09.??"]
[EventType "swiss"]
[EventRounds "9"]
[EventCountry "AUT"]

1. d4 Nf6 2. c4 e6 3. Nf3 Bb4+ 4. Nc3 b6 5. e3 Bxc3+ 6. bxc3 Bb7 7. Bd3 O-O 8.
O-O Re8 9. Re1 d5 10. cxd5 exd5 11. Qc2 Nbd7 12. a4 c5 13. Bb2 c4 14. Bf1 Ne4
15. Nd2 Nxd2 16. Qxd2 Nf6 17. f3 Qc7 18. Bc1 Bc6 19. Qc2 Qd7 20. Bd2 a6 21. Ra3
b5 22. axb5 axb5 23. Rea1 Ra4 1/2-1/2

[Event "17.Seefeld Open 2006"]
[Site "Seefeld/AUT (23.9.-1.10)"]
[Date "2006.10.01"]
[Round "9"]
[White "Platzgummer, Peter"]
[Black "Meul, Willi"]
[Result "1/2-1/2"]
[WhiteElo "1933"]
[BlackElo "1998"]
[PlyCount "36"]
[EventDate "2006.09.??"]
[EventType "swiss"]
[EventRounds "9"]
[EventCountry "AUT"]

1. e4 c5 2. Nf3 Nc6 3. d4 cxd4 4. Nxd4 Nf6 5. Nc3 e5 6. Ndb5 d6 7. Bg5 a6 8.
Na3 b5 9. Nd5 Be7 10. Bxf6 Bxf6 11. c3 Rb8 12. Nc2 Bg5 13. Bd3 Ne7 14. Nce3
Bxe3 15. Nxe3 O-O 16. Qc2 Be6 17. O-O g6 18. b4 Qc7 1/2-1/2

[Event "17.Seefeld Open 2006"]
[Site "Seefeld/AUT (23.9.-1.10)"]
[Date "2006.10.01"]
[Round "9"]
[White "Stojanovic, Milorad"]
[Black "Scholz, Herbert"]
[Result "0-1"]
[WhiteElo "1690"]
[BlackElo "1991"]
[PlyCount "90"]
[EventDate "2006.09.??"]
[EventType "swiss"]
[EventRounds "9"]
[EventCountry "AUT"]

1. e4 c6 2. Nf3 d5 3. exd5 cxd5 4. d4 Nc6 5. Bb5 a6 6. Bxc6+ bxc6 7. O-O Bg4 8.
Bf4 e6 9. h3 Bxf3 10. Qxf3 Bd6 11. Nd2 Nf6 12. c4 O-O 13. c5 Bc7 14. b4 a5 15.
a3 Qb8 16. Bxc7 Qxc7 17. Rab1 Rfb8 18. Rb3 axb4 19. axb4 Ra4 20. Rfb1 Rb5 21.
g4 h6 22. h4 Ra2 23. R1b2 Qa7 24. g5 Rxb2 25. Ra3 Qb7 26. gxf6 g6 27. Qf4 Kh7
28. Nf3 Qb8 29. Ne5 Rb7 30. Ra6 R2xb4 31. Rxc6 Rb1+ 32. Kg2 Qg8 33. Ng4 g5 34.
Qd2 Qg6 35. hxg5 hxg5 36. Rd6 R7b3 37. Qe2 Qf5 38. Rd7 R3b2 39. Rxf7+ Kg6 40.
Rg7+ Kh5 41. Ne3+ Rxe2 42. Nxf5 exf5 43. f7 Rbb2 44. Kf3 Rxf2+ 45. Ke3 f4+ 0-1

[Event "17.Seefeld Open 2006"]
[Site "Seefeld/AUT (23.9.-1.10)"]
[Date "2006.10.01"]
[Round "9"]
[White "Kreie, Guenter"]
[Black "Buchaeckert, Juergen"]
[Result "1-0"]
[WhiteElo "1987"]
[BlackElo "1943"]
[PlyCount "55"]
[EventDate "2006.09.??"]
[EventType "swiss"]
[EventRounds "9"]
[EventCountry "AUT"]

1. e4 d5 2. exd5 Qxd5 3. Nc3 Qa5 4. d4 c6 5. Nf3 Nf6 6. Bc4 Bf5 7. O-O e6 8. a3
Nbd7 9. Qe2 Be7 10. Bf4 O-O 11. Ne5 Qb6 12. Nxd7 Nxd7 13. Be3 Qxb2 14. Bd2 Bxc2
15. Ra2 Qb6 16. Rxc2 Bxa3 17. Be3 Qc7 18. Ne4 Nb6 19. Bd3 Nd5 20. Ng5 Nf6 21.
Qf3 Be7 22. Qh3 h6 23. Nf3 h5 24. Ne5 g6 25. Bg5 Nd5 26. Bh6 Rfe8 27. Bxg6 Bf8
28. Bxf7+ 1-0

[Event "17.Seefeld Open 2006"]
[Site "Seefeld/AUT (23.9.-1.10)"]
[Date "2006.10.01"]
[Round "9"]
[White "Walz, Robert"]
[Black "Aufmwasser, Guenter"]
[Result "1/2-1/2"]
[WhiteElo "1984"]
[BlackElo "1909"]
[PlyCount "38"]
[EventDate "2006.09.??"]
[EventType "swiss"]
[EventRounds "9"]
[EventCountry "AUT"]

1. e4 c5 2. Nf3 Nc6 3. d4 cxd4 4. Nxd4 e5 5. Nb5 a6 6. Nd6+ Bxd6 7. Qxd6 Qe7 8.
Qd3 d6 9. c3 Be6 10. Qg3 f5 11. exf5 Bxf5 12. Bc4 Nf6 13. O-O d5 14. Bb3 O-O-O
15. f4 e4 16. Be3 h5 17. Qh4 d4 18. cxd4 Nxd4 19. Nc3 Kb8 1/2-1/2

[Event "17.Seefeld Open 2006"]
[Site "Seefeld/AUT (23.9.-1.10)"]
[Date "2006.10.01"]
[Round "9"]
[White "Becker, Joerg"]
[Black "Sickinger, Wolfgang"]
[Result "1-0"]
[WhiteElo "1945"]
[BlackElo "1644"]
[PlyCount "67"]
[EventDate "2006.09.??"]
[EventType "swiss"]
[EventRounds "9"]
[EventCountry "AUT"]

1. d4 f5 2. g3 Nf6 3. Bg2 g6 4. c4 Bg7 5. Nc3 O-O 6. Nh3 d6 7. d5 Na6 8. Nf4
Nc5 9. O-O Rb8 10. Nd3 Nxd3 11. Qxd3 Bd7 12. e4 fxe4 13. Nxe4 Nxe4 14. Bxe4 c5
15. a4 Qe8 16. Qc2 Qf7 17. Bf4 Bf5 18. Rfe1 Rbe8 19. Bxf5 Qxf5 20. Qxf5 Rxf5
21. Bxd6 Bxb2 22. Ra2 Bd4 23. Rxe7 Rxe7 24. Bxe7 Rf3 25. Re2 Kf7 26. d6 Bf6 27.
Bxf6 Rxf6 28. Re7+ Kf8 29. Rxb7 Rxd6 30. Rxa7 Rd4 31. Rc7 Rxc4 32. a5 h5 33. a6
Ra4 34. a7 1-0

[Event "17.Seefeld Open 2006"]
[Site "Seefeld/AUT (23.9.-1.10)"]
[Date "2006.10.01"]
[Round "9"]
[White "Andreini, Gigliolu"]
[Black "Becking, Franz-Josef"]
[Result "0-1"]
[WhiteElo "1660"]
[BlackElo "2076"]
[PlyCount "68"]
[EventDate "2006.09.??"]
[EventType "swiss"]
[EventRounds "9"]
[EventCountry "AUT"]

1. c4 e5 2. Nc3 Nf6 3. g3 d5 4. cxd5 Nxd5 5. Bg2 Be6 6. Nf3 Nc6 7. O-O Be7 8.
a3 O-O 9. Qc2 f5 10. e3 Qd7 11. Rd1 h6 12. d3 Bf6 13. Bd2 Rae8 14. e4 Nde7 15.
Ne2 g5 16. Bc3 f4 17. d4 exd4 18. Nexd4 fxg3 19. fxg3 Nxd4 20. Nxd4 Bg4 21. Rd2
Qc8 22. Re1 Be5 23. Qb3+ Kh7 24. Qc2 Ng6 25. Ne2 Rf7 26. Nc1 Ref8 27. Nd3 Bxc3
28. Qxc3 Qe6 29. Rf2 Qb6 30. Qd2 Ne5 31. Qe3 Nxd3 32. Qxb6 axb6 33. Rxf7+ Rxf7
34. e5 Nxe1 0-1

[Event "17.Seefeld Open 2006"]
[Site "Seefeld/AUT (23.9.-1.10)"]
[Date "2006.10.01"]
[Round "9"]
[White "Laux, Dieter"]
[Black "Willin, Bernhard"]
[Result "0-1"]
[WhiteElo "1228"]
[BlackElo "2009"]
[PlyCount "134"]
[EventDate "2006.09.??"]
[EventType "swiss"]
[EventRounds "9"]
[EventCountry "AUT"]

1. e4 c5 2. Nf3 d6 3. d4 cxd4 4. Nxd4 Nf6 5. Nc3 a6 6. Bg5 Nbd7 7. f4 e6 8. Qf3
Qc7 9. O-O-O b5 10. a3 Rb8 11. Bxf6 Nxf6 12. Bd3 Be7 13. g4 b4 14. axb4 Rxb4
15. Nb3 Bb7 16. g5 Nd7 17. Rhf1 O-O 18. h4 f5 19. Rde1 fxe4 20. Bxe4 Ne5 21.
Bxh7+ Kxh7 22. Qh5+ Kg8 23. fxe5 Rbf4 24. Rxf4 Rxf4 25. g6 Rxh4 26. exd6 Qxd6
27. Qe2 Bc8 28. Ne4 Qc7 29. Qe3 Rg4 30. Qd3 Rxg6 31. Nec5 Rh6 32. Qd4 Qc6 33.
Ne4 Rh2 34. Qc3 Qxc3 35. Nxc3 Bg5+ 36. Kb1 Bf4 37. Rd1 Bg5 38. Re1 Kf7 39. Ne4
Be7 40. Rf1+ Ke8 41. Rg1 Bf8 42. Nec5 Rh5 43. Nd3 e5 44. Nbc5 g5 45. Nxa6 e4
46. Re1 Bf5 47. Nf2 Rh4 48. b4 Kd7 49. Nc5+ Bxc5 50. bxc5 Kc6 51. Kc1 Kxc5 52.
Kd2 Kd4 53. c3+ Kd5 54. Re3 Rf4 55. Nh3 Bxh3 56. Rxh3 Rf3 57. Rh5 Rg3 58. Rh8
Rd3+ 59. Ke2 Rxc3 60. Rg8 Rg3 61. Kf2 Rg4 62. Ke3 Rg3+ 63. Kf2 Rf3+ 64. Ke2 Rf5
65. Ke3 Re5 66. Rg7 Ke6 67. Rg8 Kf5 0-1

[Event "17.Seefeld Open 2006"]
[Site "Seefeld/AUT (23.9.-1.10)"]
[Date "2006.10.01"]
[Round "9"]
[White "Gestrich, Wolfgang"]
[Black "Abraham, Helmut"]
[Result "1/2-1/2"]
[WhiteElo "1756"]
[BlackElo "1461"]
[PlyCount "27"]
[EventDate "2006.09.??"]
[EventType "swiss"]
[EventRounds "9"]
[EventCountry "AUT"]

1. c4 Nf6 2. Nc3 e5 3. e4 Bb4 4. d3 c6 5. Bd2 d5 6. cxd5 cxd5 7. a3 Bxc3 8.
Bxc3 d4 9. Bd2 O-O 10. Bg5 Be6 11. Nf3 Nbd7 12. Rc1 Qa5+ 13. Qd2 Qb6 14. Bxf6
1/2-1/2

[Event "17.Seefeld Open 2006"]
[Site "Seefeld/AUT (23.9.-1.10)"]
[Date "2006.10.01"]
[Round "9"]
[White "Samarian, Cornel"]
[Black "Kircher, Werner"]
[Result "1-0"]
[WhiteElo "1937"]
[BlackElo "2030"]
[PlyCount "59"]
[EventDate "2006.09.??"]
[EventType "swiss"]
[EventRounds "9"]
[EventCountry "AUT"]

1. c4 Nf6 2. Nc3 c5 3. e4 d6 4. Nge2 Nc6 5. d4 cxd4 6. Nxd4 Bd7 7. Be2 a6 8.
O-O e6 9. Be3 Be7 10. h3 O-O 11. Rc1 Qb8 12. f4 Nxd4 13. Bxd4 b5 14. e5 dxe5
15. fxe5 Bc6 16. exf6 Bd6 17. Bf3 Bxf3 18. Qxf3 g6 19. Qe3 Rd8 20. Bb6 Rc8 21.
c5 Bf8 22. a3 Rc6 23. Kh1 Qb7 24. Ne4 Rac8 25. b4 Qb8 26. Rfd1 Qe5 27. Qd4 Qf4
28. Rf1 Qh6 29. Rc3 Qh4 30. Qe5 1-0